| 000 | 00794nam a22002417a 4500 | ||
|---|---|---|---|
| 003 | UA-OsUOA | ||
| 001 | 29117 | ||
| 007 | ta | ||
| 008 | 20050601b un ||||| |||| 00| 0 ukr d | ||
| 090 |
_a94(47+571) _bР76 |
||
| 942 | _cBK | ||
| 040 |
_aUA-OsUOA _brus _cUA-OsUOA _dUA-OsUOA |
||
| 245 |
_aРоссия от Ивана Грозного до Петра Великого _bСборник трудов, посвящонных 35-летию научной и педагогической деятельности профессора Руслана Григорьевича Скрынникова |
||
| 300 | _a110 с. | ||
| 955 | _a0 | ||
| 041 | _arus | ||
| 080 | _a94(47+571) | ||
| 020 | _a5-87332-016-0 | ||
| 260 |
_aСПб _c1993 |
||
| 044 | _aRU | ||
| 650 | 7 | _2UDC | |
| 999 |
_c315498 _d315498 |
||